<?xml version="1.0" encoding="UTF-8"?>
<collection xmlns="http://www.loc.gov/MARC21/slim">
 <record>
  <leader>01946nam a22002537a 4500</leader>
  <controlfield tag="001">NCT_40975</controlfield>
  <controlfield tag="008">180615b        xxu||||| |||| 00| 0 vie d</controlfield>
  <datafield tag="999" ind1=" " ind2=" ">
   <subfield code="c">1970</subfield>
   <subfield code="d">1970</subfield>
  </datafield>
  <datafield tag="020" ind1=" " ind2=" ">
   <subfield code="a">9786041010376</subfield>
   <subfield code="c">76000</subfield>
  </datafield>
  <datafield tag="082" ind1="0" ind2="1">
   <subfield code="2">23rd ed.</subfield>
   <subfield code="a">658.8</subfield>
   <subfield code="b">K87</subfield>
  </datafield>
  <datafield tag="100" ind1="1" ind2=" ">
   <subfield code="a">Kotler, Philip </subfield>
  </datafield>
  <datafield tag="245" ind1="1" ind2="0">
   <subfield code="a">Thấu hiểu tiếp thị từ A đến Z : </subfield>
   <subfield code="b">80 khái niệm nhà quản lý cần biết</subfield>
   <subfield code="c"> Philip Kotler;  Lê Hoàng Anh (dịch) </subfield>
  </datafield>
  <datafield tag="260" ind1=" " ind2=" ">
   <subfield code="a">H.</subfield>
   <subfield code="b">Trẻ</subfield>
   <subfield code="c">2013</subfield>
  </datafield>
  <datafield tag="300" ind1=" " ind2=" ">
   <subfield code="a">305 tr.</subfield>
   <subfield code="b">minh họa</subfield>
   <subfield code="c">21 cm</subfield>
  </datafield>
  <datafield tag="520" ind1="3" ind2=" ">
   <subfield code="a">Trong cuốn &quot;Thấu hiểu tiếp thị từ A đến Z&quot; này, Philip kotler đã chọn lọc và khảo sát các khái niệm quan trọng nhất của bộ môn này trong hiện tại và cả tương lai, đưa ra một đúc kết mới mẻ và thú vị về việc tiếp thị sẽ thay đổi như thế nào, và những người làm công việc tiếp thị phải thay đổi ra sao.</subfield>
  </datafield>
  <datafield tag="653" ind1=" " ind2=" ">
   <subfield code="a">Quản trị kinh doanh</subfield>
  </datafield>
  <datafield tag="700" ind1="1" ind2=" ">
   <subfield code="a">Lê Hoàng Anh</subfield>
   <subfield code="e">dịch</subfield>
  </datafield>
  <datafield tag="942" ind1=" " ind2=" ">
   <subfield code="2">ddc</subfield>
   <subfield code="c">BK</subfield>
  </datafield>
  <datafield tag="952" ind1=" " ind2=" ">
   <subfield code="0">0</subfield>
   <subfield code="1">0</subfield>
   <subfield code="2">ddc</subfield>
   <subfield code="4">0</subfield>
   <subfield code="6">658_800000000000000_K87</subfield>
   <subfield code="7">0</subfield>
   <subfield code="9">11175</subfield>
   <subfield code="a">000001</subfield>
   <subfield code="b">000001</subfield>
   <subfield code="d">2018-06-21</subfield>
   <subfield code="o">658.8 K87</subfield>
   <subfield code="p">MD.07710</subfield>
   <subfield code="r">2018-06-21</subfield>
   <subfield code="v">68000.00</subfield>
   <subfield code="w">2018-06-21</subfield>
   <subfield code="y">BK</subfield>
  </datafield>
  <datafield tag="952" ind1=" " ind2=" ">
   <subfield code="0">0</subfield>
   <subfield code="1">0</subfield>
   <subfield code="2">ddc</subfield>
   <subfield code="4">0</subfield>
   <subfield code="6">658_800000000000000_K87</subfield>
   <subfield code="7">0</subfield>
   <subfield code="9">11176</subfield>
   <subfield code="a">000001</subfield>
   <subfield code="b">000001</subfield>
   <subfield code="d">2018-06-21</subfield>
   <subfield code="l">2</subfield>
   <subfield code="o">658.8 K87</subfield>
   <subfield code="p">MD.07711</subfield>
   <subfield code="r">2020-07-10</subfield>
   <subfield code="s">2020-06-06</subfield>
   <subfield code="v">68000.00</subfield>
   <subfield code="w">2018-06-21</subfield>
   <subfield code="y">BK</subfield>
  </datafield>
  <datafield tag="952" ind1=" " ind2=" ">
   <subfield code="0">0</subfield>
   <subfield code="1">0</subfield>
   <subfield code="2">ddc</subfield>
   <subfield code="4">0</subfield>
   <subfield code="6">658_800000000000000_K87</subfield>
   <subfield code="7">0</subfield>
   <subfield code="9">11177</subfield>
   <subfield code="a">000001</subfield>
   <subfield code="b">000001</subfield>
   <subfield code="d">2018-06-21</subfield>
   <subfield code="l">2</subfield>
   <subfield code="o">658.8 K87</subfield>
   <subfield code="p">MD.07712</subfield>
   <subfield code="r">2020-06-22</subfield>
   <subfield code="s">2020-06-11</subfield>
   <subfield code="v">68000.00</subfield>
   <subfield code="w">2018-06-21</subfield>
   <subfield code="y">BK</subfield>
  </datafield>
  <datafield tag="952" ind1=" " ind2=" ">
   <subfield code="0">0</subfield>
   <subfield code="1">0</subfield>
   <subfield code="2">ddc</subfield>
   <subfield code="4">0</subfield>
   <subfield code="6">658_800000000000000_K87</subfield>
   <subfield code="7">0</subfield>
   <subfield code="9">11178</subfield>
   <subfield code="a">000001</subfield>
   <subfield code="b">000001</subfield>
   <subfield code="d">2018-06-21</subfield>
   <subfield code="o">658.8 K87</subfield>
   <subfield code="p">MD.07713</subfield>
   <subfield code="r">2018-06-21</subfield>
   <subfield code="v">68000.00</subfield>
   <subfield code="w">2018-06-21</subfield>
   <subfield code="y">BK</subfield>
  </datafield>
  <datafield tag="952" ind1=" " ind2=" ">
   <subfield code="0">0</subfield>
   <subfield code="1">0</subfield>
   <subfield code="2">ddc</subfield>
   <subfield code="4">0</subfield>
   <subfield code="6">658_800000000000000_K87</subfield>
   <subfield code="7">0</subfield>
   <subfield code="9">11179</subfield>
   <subfield code="a">000001</subfield>
   <subfield code="b">000001</subfield>
   <subfield code="d">2018-06-21</subfield>
   <subfield code="l">1</subfield>
   <subfield code="o">658.8 K87</subfield>
   <subfield code="p">MD.07714</subfield>
   <subfield code="r">2020-06-17</subfield>
   <subfield code="s">2020-06-06</subfield>
   <subfield code="v">68000.00</subfield>
   <subfield code="w">2018-06-21</subfield>
   <subfield code="y">BK</subfield>
  </datafield>
  <datafield tag="980" ind1=" " ind2=" ">
   <subfield code="a">Thư viện Trường Đại học Nam Cần Thơ</subfield>
  </datafield>
 </record>
</collection>
